Les Traitres - M6 - Saison 1 - Statistiques

Statistiques générales
  • Ce quiz a été pris 62 fois
  • Le résultat moyen est 8 sur 14
Statistiques - réponses
Statut Occupation Rôle Candidats % Correct
Vainqueurs Champion de judo et ancien ministre Traitre David Douillet
91%
Vainqueurs Personnalité médiatique révélée par Koh-Lanta Traitre Clémence Castel
82%
Éliminé (Traîtres) Champion de natation Loyale Camille Lacourt
75%
Deuxième Actrice et chanteuse Loyale Elsa Esnoult
66%
Éliminée (Traîtres) Youtubeuse et influenceuse Loyale Natoo
66%
Éliminée (Conseil) Miss France 2012 et chroniqueuse télé Loyale Delphine Wespiser
59%
Éliminée (Conseil Final) Styliste youtubeuse Loyale Melococo
59%
Éliminé (Conseil) Comédien membre du Splendid Loyal Martin Lamotte
55%
Éliminée (Conseil) Hypnothérapeute et femme de David Douillet Traitre Vanessa Douillet
55%
Éliminé (Conseil Final) Écrivain Loyal Bernard Werber
52%
Éliminé (Conseil) Youtubeur et Influenceur Traitre Just Riadh
52%
Éliminé (Traîtres) Champion Douze Coups de midi et chroniqueur radio Loyal Paul El Kharrat
52%
Éliminé (Conseil Final) Comédien Loyal Bruno Sanches
43%
Éliminé (Traîtres) Humoriste Loyal Alex Ramires
34%
Aucun quiz correspondant
Distribution des résultats
% des personnes avec chaque résultat
Percentile par nombre de réponses
Votre historique - résultats
Vous n’avez pas pris ce quiz